NFL WR's by the NUMBERS - Statistics

General Stats
  • This quiz has been taken 15 times
  • The average score is 6 of 20
Answer Stats
Number Team Position Player % Correct
11 Cardinals WR Larry Fitzgerald
87%
88 Colts WR Marvin Harrison
67%
80 49ers WR Jerry Rice
60%
81 Raiders WR Tim Brown
60%
86 Steelers WR Hines Ward
47%
87 Colts WR Reggie Wayne
47%
82 Cowboys TE Jason Witten
40%
83 Bills WR Andre Reed
33%
14 Packers WR Don Hutson
33%
19 Chargers WR Lance Alworth
27%
89 Giants WR Steve Smith
27%
15 Broncos WR Brandon Marshall
20%
85 Titans WR Derrick Mason
20%
25 Raiders WR Fred Biletnikoff
20%
17 Eagles WR Harold Carmichael
20%
42 Browns WR Paul Warfield
20%
18 Chargers WR Charlie Joiner
7%
13 NY Titans FL Don Maynard
7%
84 Cowboys WR Terrell Owens
7%
49 Redskins WR Bobby Mitchell
0%
No matching quizzes found
Score Distribution
Percent of People with Each Score
Percentile by Number Answered
Your Score History
You have not taken this quiz